000
00260nam a2200109Ia 4500
005
20251222153522.0
008
251222s9999||||xx |||||||||||||| ||spa||
082
_a
REF.036/T34/2001
245
0
_a
Almanaque Mundial 2001
264
_b
Televisa S.A.
942
_c
LIB
999
_c
29772
_d
29772